Países que no limitan con ninguno de los resaltados - Estadísticas

Estadísticas generales
  • Esta prueba ha sido intentada 70 veces
  • La puntuación promedio es 52 de 80
Respuestas en el mapa
Las respuestas están codificadas por una escala verde-roja en el mapa de la prueba según el % correcto abajo.
 
Estadísticas de respuestas
País % Correcto
Estados Unidos
95%
Canadá
91%
España
90%
Panamá
88%
Chile
86%
Italia
84%
Portugal
84%
Guatemala
83%
Honduras
83%
Sudáfrica
81%
México
79%
Costa Rica
78%
El Salvador
78%
Irlanda
78%
Nicaragua
78%
Reino Unido
78%
Andorra
76%
Belice
76%
Egipto
76%
Lesoto
76%
Libia
76%
Sudán
74%
Ecuador
71%
Esuatini
71%
Indonesia
71%
Suecia
71%
Túnez
71%
Ciudad del Vaticano
69%
Macedonia del Norte
69%
Albania
67%
Eritrea
67%
Haití
67%
Mónaco
67%
República Dominicana
67%
Eslovenia
66%
Israel
66%
Marruecos
66%
San Marino
64%
Botsuana
62%
Croacia
62%
Eslovaquia
62%
Guinea Ecuatorial
62%
Kenia
62%
Kosovo
62%
Montenegro
62%
Namibia
62%
Serbia
62%
Togo
62%
Yibuti
62%
Benín
60%
Somalia
60%
Zimbabue
60%
Bosnia y Herzegovina
59%
Camboya
59%
Etiopía
59%
Hungría
59%
Líbano
59%
Nigeria
59%
Chad
57%
Gambia
57%
Liberia
57%
Liechtenstein
57%
Malasia
57%
Malaui
57%
Rumanía
57%
Camerún
55%
Corea del Sur
55%
Gabón
55%
Ghana
55%
Moldavia
55%
Sierra Leona
55%
Brunéi
53%
Papua Nueva Guinea
52%
Mozambique
50%
Tailandia
50%
Turkmenistán
50%
Uzbekistán
48%
Bangladés
47%
Timor Oriental
45%
Guinea-Bisáu
33%
No se encontraron pruebas coincidentes
Distribución de puntuación
Porcentaje de gente con cada puntuación
Porcentaje por número respondido
Historial de tus puntuaciones
No has intentado esta prueba.